| 000 | 00876nam a22001937a 4500 | ||
|---|---|---|---|
| 003 | AM-YeHGA | ||
| 040 | _aAM-YeHGA | ||
| 090 | _c452552 | ||
| 005 | 20250617160256.0 | ||
| 008 | 200824b ||||| |||| 00| 0 rus d | ||
| 041 | 0 | _arus | |
| 245 | 0 | 0 |
_aЛенинград : _bПутеводитель / _cПереплет, форзац и макеты титулов: М. А. Кирнарский |
| 260 |
_aЛенинград : _bСоцэкгиз, _c1933 |
||
| 300 |
_aтом; _bил., портр., план |
||
| 505 | 0 |
_gТ. 1 (455 с.) : _tИстория, экономика, культура; _gТ. 2 (634 с.) : _tПрогулки по городу, музеи, научные учреждения, справочник |
|
| 653 | 0 | _aЛенинград - Путеводители | |
| 653 | 0 | _aПутеводители - по Ленинграду | |
| 942 |
_2udc _cBK |
||
| 999 |
_c449629 _d449629 |
||